Statistics for BFDI S1 Characters

Click here to take the quiz!

General Stats

  • This quiz has been taken 50 times
  • The average score is 18 of 24

Answer Stats

Contestant or HostAnswer% Correct
Pen
93%
Pin
93%
ContestantBlocky
87%
ContestantFirey
87%
ContestantFlower
87%
Pencil
87%
ContestantBubble
83%
Leafy
83%
Match
83%
Tennis Ball
83%
This and all characters after this are contestantsGolf Ball
80%
ContestantCoiny
77%
ContestantDavid
77%
Rocky
73%
Teardrop
73%
Ice Cube
70%
Spongy
70%
ContestantEraser
67%
HostFirey Speaker Box
67%
HostFlower Speaker Box
67%
Snowball
67%
Needle
63%
Woody
63%
HostAnnouncer Box
27%

Score Distribution

Percentile by Number Answered

Percent of People with Each Score

Your Score History

You have not taken this quiz